000 01156nam a2200313 i 4500
003 EG-GICUC
005 20260418162926.0
008 260418s2001 ua ||||fr|||| 00| 0 ara d
040 _a EG-GICUC
_bara
_c EG-GICUC
_d EG-GICUC
_erda
041 0 _aara
082 0 4 _221
_a343.767
_bع ا . ت
092 0 4 _221
099 _aLaw1 10 343.767 ع ا . ت 1 ed-2001
100 0 _aعاطف شحات
_eمعد.
245 1 2 _aالتعذيب في مصر :
_bحقيقة قضائية /
_cعاطف شحات
250 _aالطبعة الأولي
264 1 _aالقاهرة :
_bمركز حقوق الإنسان لمساعدة السجناء،
_c2001.
300 _a140 صفحة
_bإيضاحيات، صور، مثيليات ؛
_c24 سم
336 _2rda content
_atext
337 _2rda media
_aComputer
338 _2rda carrier
_aOnline Resource
504 _aيشتمل على إرجاعات ببليوجرافية.
546 _aالنص باللغة العربية
650 1 4 _aالقانون الجنائي
_2qrmak
651 1 _2qrmak
856 4 0 _uhttps://fll.law.cu.edu.eg/fulltext/bks/B10-09893.pdf
905 _a74
942 _2ddc
_n0
_cBK
_e21
999 _c71679
_d71679